Methods of Capital Punishment Quiz Stats

Quiz not verified by Sporcle

Challenge
Share
Tweet
http://www.dc.state.fl.us/secretary/press/1999/electric-chair.jpg
Score 0/27 Timer 08:00
0 Plays Today
% Correct
Hanging
95.3%
Shooting
90%
Electrocution
86.8%
Lethal Injection
85.3%
Decapitation
64.2%
Gassing
58.9%
Stoning
53.2%
Burning
40%
Poisoning
27.4%
Crucifixion
21.1%
Stabbing
17.9%
Crushing
16.3%
Immurement
16.3%
Boiling
13.7%
% Correct
Animals
11.6%
Dismemberment
11.6%
Buried Alive
10.5%
Breaking Wheel
9.5%
Flaying
8.4%
Falling
7.4%
Garrote
6.3%
Slow Slicing
6.3%
Impalement
4.7%
Cooking
3.2%
Pendulum
2.1%
Scaphism
2.1%
Breaking Back
1.6%

You're not logged in!

Compare scores with friends on all Sporcle quizzes.
Sign Up with Email
OR
Log In

You Might Also Like...

Show Comments

Extras

Top Quizzes Today


Score Distribution

Your Account Isn't Verified!

In order to create a playlist on Sporcle, you need to verify the email address you used during registration. Go to your Sporcle Settings to finish the process.